FC Bayern München Squad 2024-2025 - Statistics

General Stats
  • This quiz has been taken 770 times
    435 since last reset
  • The average score is 24 of 32
Answer Stats
# Position Nation Player % Correct
1 GK Germany Manuel Neuer
100%
9 FW England Harry Kane
99%
3 DF South Korea Min-jae Kim
99%
19 DF Canada Alphonso Davies
97%
2 DF France Dayot Upamecano
96%
7 FW Germany Serge Gnabry
96%
6 DF Germany Joshua Kimmich
95%
10 FW Germany Leroy Sané
95%
8 MF Germany Leon Goretzka
94%
11 FW France Kingsley Coman
93%
42 MF Germany Jamal Musiala
88%
17 FW France Michael Olise
88%
15 DF England Eric Dier
87%
25 FW Germany Thomas Müller
87%
- Coach Belgium Vincent Kompany
87%
27 MF Austria Konrad Laimer
86%
21 DF Japan Hiroki Itō
82%
22 DF Portugal Raphaël Guerreiro
79%
26 GK Germany Sven Ulreich
78%
45 MF Germany Aleksandar Pavlović
74%
18 GK Israel Daniel Peretz
74%
44 DF Croatia Josip Stanišić
74%
16 MF Portugal João Palhinha
72%
39 FW France Mathys Tel
67%
23 DF France Sacha Boey
66%
40 GK Germany Jonas Urbig
63%
49 DF Morocco Adam Aznou
36%
46 FW Croatia Gabriel Vidović
36%
31 FW Australia Nestory Irankunda
34%
28 DF Germany Tarek Buchmann
34%
20 FW Germany Arijon Ibrahimović
31%
36 MF Germany Noel Aséko Nkili
7%
No matching quizzes found
Score Distribution
Percent of People with Each Score
Percentile by Number Answered
Your Score History
You have not taken this quiz since the last reset